000 00335nam a22001577a 4500
003 SGT
020 _a978-93-803-9458-6
082 _a658.4033
_bEVA
100 _aEVANS, JAMES
245 _aBUSINESS ANALYTICS
250 _a3RD
260 _aINDIA
_bPEARSON
_c2024
300 _a704
650 _aANALYTICS
942 _2ddc
_cBK
_023
999 _c25731
_d25731